| 000 | 00432cam a2200169ua 4500 | ||
|---|---|---|---|
| 020 | _c850.00 | ||
| 041 |
_aeng _h |
||
| 082 |
_a631.46 _bTHA/SO |
||
| 100 | _aThakore, Sanat . | ||
| 245 |
_aSoil microbiology / _cSanat thakore. _hTextual Documents |
||
| 260 |
_aNew Delhi : _bDominant Publishers and Distributors , _c2008. |
||
| 300 | _a328 ; . | ||
| 365 | _a850.00 | ||
| 504 | _a | ||
| 942 | _cBK | ||
| 999 |
_c13146 _d13146 |
||